| 000 | 00576cam a2200193 i 4500 | ||
|---|---|---|---|
| 999 |
_c13469 _d13469 |
||
| 020 | _a9781446256534 (hbk) | ||
| 020 | _a9781446256541 (pbk) | ||
| 082 | 0 | 0 | _a618.928 |
| 100 | 1 | _aGeldard, Kathryn. | |
| 245 | 1 | 0 |
_aCounselling children : _ba practical introduction / _cKathryn Geldard, David Geldard, and Rebecca Yin Foo. |
| 250 | _aFourth edition. | ||
| 260 |
_aLondon _bSage Publishers _c2013 |
||
| 300 |
_a433 pages : _billustrations ; |
||
| 650 | 0 | _aChildren | |
| 650 | 0 | _aChild psychotherapy. | |
| 700 | 1 | _aGeldard, David. | |
| 700 | 1 | _aFoo, Rebecca Yin. | |
| 942 | _cBK | ||